01093cam a22002775a 4500001001000000003000400010005001700014008004100031020003000072040003000102082002200132245007900154250002500233260005500258300004500313500002000358650002700378651001000405653002200415655002400437700003000461942000800491999001700499952015100516952014800667017128419OSt20170312133443.0150327s2015 si a fr 001 0 eng d a9781118960882 (paperback) aUkbengcUkdUkdEG-ScBUE04a621.4021bPRI22200aPrinciples of engineering thermodynamics /cMichael J. Moran ... [et al.]. a8th ed., SI version. aSingapore :bJohn Wiley & Sons Singapore,cc.2015. axviii, [870] p. :bill. (col.) ;c28 cm. aIncludes index. 7aThermodynamics.2BUEsh 2BUEsh bENGPETcMarch2017 vReading book9342321 aMoran, Michael J. 929403 2ddc c24394d24366 00102ddc40708BaccahaMAINbMAINc1STd2017-03-12ePurchaseg450.00l2m3o621.4021 PRIp000041332r2025-07-15 00:00:00s2022-04-21v563.00yBB 00102ddc40708BaccahaMAINbMAINc1STd2017-03-12ePurchaseg450.00l1o621.4021 PRIp000041331r2025-07-15 00:00:00s2021-10-28v563.00yBB